000 00590nam a2200241Ia 4500
008 210210b2013 xxu||||| |||| 00| 0 eng d
020 _a9789350500620
041 _aeng
082 _a820.309 JHAN
100 _aJHA (Vivekanand)
245 _aNovels of Amitav Ghosh: an analytical appraisal
260 _aDelhi
_bB R Publishing Corporation
_c2013
300 _axvii,257
650 _aof
650 _aNovels
650 _aGhosh:
650 _aappraisal
650 _aanalytical
650 _aan
650 _aAmitav
690 _aIndian English Criticism
906 _a071180
999 _c120540
_d120540